000 00325nam a22001337a 4500
008 170511b xxu||||| |||| 00| 0 eng d
020 _a9780446517416
041 _aeng
080 _a34
100 _a15
101 _aSHJ
245 _aNATURAL LAWS OF SUCCESSFUL TIME AND LIFE MANAGMENT
_cSMITH.H.W
942 _2udc
_cBK
999 _c13189
_d13189